Rose-Ole 60 - Statistics

General Stats
  • This quiz has been taken 12 times
  • The average score is 161 of 224
Answer Stats
Hint Answer % Correct
Outro | Verse Rose
100%
rose
100%
a
88%
an
88%
Verse And
88%
and
88%
be
88%
bedside
88%
clothes
88%
don't
88%
He
88%
hear
88%
her
88%
Her
88%
I
88%
Chorus "No
88%
of
88%
off
88%
on
88%
She
88%
she
88%
so
88%
the
88%
three
88%
to
88%
again
75%
alone
75%
blows
75%
carpet"
75%
days
75%
for
75%
For
75%
From
75%
ground
75%
hit
75%
hollow
75%
I'm
75%
know
75%
last
75%
Now
75%
now
75%
object
75%
petals
75%
see
75%
shoes
75%
somebody
75%
sound
75%
sound,
75%
take
75%
takes
75%
taking
75%
those
75%
told
75%
wants
75%
when
75%
who
75%
words
75%
ain't
63%
around
63%
as
63%
better
63%
body's
63%
brushes
63%
but
63%
cares
63%
goodbye
63%
hair
63%
it
63%
It's
63%
look
63%
Love's
63%
love's
63%
next
63%
nobody
63%
picks
63%
seen
63%
she's
63%
She's
63%
single
63%
someone
63%
spots
63%
stem
63%
stumble
63%
there
63%
They
63%
up
63%
upstairs
63%
wanted
63%
you
63%
complacent
50%
emotion
50%
even
50%
eyes
50%
give
50%
got
50%
him,
50%
in
50%
just
50%
ocean
50%
Still
50%
still
50%
tired
50%
try?
50%
waitin'
50%
Why
50%
air
38%
are
38%
bring
38%
down
38%
lays
38%
starts
38%
tells
38%
too
38%
fallin'
25%
gettin'
25%
need
25%
Pushes
25%
tears
25%
upset
25%
Cause
13%
lungs
13%
out
13%
No matching quizzes found
Score Distribution
Percent of People with Each Score
Percentile by Number Answered
Your Score History
You have not taken this quiz